Mes del Corazón de Cristo (Record no. 103757)

MARC details
000 -LEADER
campo de control de longitud fija 00571nam a2200169 i 4500
001 - NÚMERO DE CONTROL
campo de control 103757
003 - IDENTIFICADOR DE NÚMERO DE CONTROL
campo de control ES-MaACL
005 - FECHA Y HORA DE LA ÚLTIMA TRANSACCIÓN
campo de control 20230906183435.0
007 - CAMPO FIJO DE DESCRIPCIÓN FÍSICA--INFORMACIÓN GENERAL
campo de control de longitud fija t|
008 - DATOS DE LONGITUD FIJA--INFORMACIÓN GENERAL
campo de control de longitud fija 051117s1969 sp |||| | spa d
245 00 - MENCIÓN DEL TÍTULO
Título Mes del Corazón de Cristo
Resto del título : 30 celebraciones de la palabra /
Mención de responsabilidad, etc. autores, Hermanos del Sagrado Corazón. Rafael Cano Benjumea ... [et al.].
260 ## - PUBLICACIÓN, DISTRIBUCIÓN, ETC.
Lugar de publicación, distribución, etc. Bilbao :
Nombre del editor, distribuidor, etc. Mensajero,
Fecha de publicación, distribución, etc. 1969.
300 ## - DESCRIPCIÓN FÍSICA
Extensión 183 p. ;
Dimensiones 19 cm.
650 #4 - PUNTO DE ACCESO ADICIONAL DE MATERIA--TÉRMINO DE MATERIA
Término de materia o nombre geográfico como elemento de entrada Sagrado Corazón de Jesús-
Subdivisión general Culto.
9 (RLIN) 140224
700 1# - ENTRADA AGREGADA--NOMBRE PERSONAL
Nombre de persona Cano Benjumea, Rafael.
9 (RLIN) 34543
852 ## - LOCALIZACIÓN
Ubicación ES-MaACL
Número de control de estantería C-35900
Holdings
Estatus retirado Estado de pérdida Estado de daño No para préstamo Biblioteca de origen Biblioteca actual Ubicación en estantería Fecha de adquisición Fuente de adquisición Total de préstamos Signatura topográfica completa Código de barras Visto por última vez Precio de reemplazo Tipo de ítem Koha
        Biblioteca del Ateneo de Madrid Biblioteca del Ateneo de Madrid Depósito 2 17/01/2008     C-35900 1108329 23/02/2023 23/02/2023 Libro impreso